| 000 | 00877nam a22002057a 4500 | ||
|---|---|---|---|
| 999 |
_c11576 _d11576 |
||
| 003 | AR-CdUCM | ||
| 008 | 190404b ||||| |||| 00| 0 spa d | ||
| 040 |
_aMUNICIPALIDAD PROVINCIAL DEL CUSCO _cBIBLIOTECA MUNICIPAL DEL CUSCO |
||
| 082 |
_a330.98 / _bG54 / 1949 |
||
| 100 |
_aGiudici, Ernesto _929006 |
||
| 245 |
_aImperialismo inglés y liberación nacional : _bLa Argentina y la guerra / |
||
| 260 |
_aBuenos Aires : _bEditorial problemas, _c1949. |
||
| 300 |
_a163 páginas ; _c18 cm. |
||
| 505 | _aContenido: La Argentina en la economía de guerra de Gran Bretaña. La Argentina en la orbita de la guerra -- Guerra con las naciones neutrales o contra las naciones neutrales -- Extorsión británica en materia de carnes... | ||
| 650 |
_aGuerra _91007 |
||
| 650 |
_aAmérica del Sur _9742 |
||
| 650 |
_aEconomía argentina _93981 |
||
| 942 |
_2ddc _cLIBROS |
||
| 945 | _adavv | ||